Movies Quiz

Random Movies or NFL Quiz

Draft day quiz Stats

 Plays Quiz not verified by Sporcle

Score 0/10 Timer 05:00
0 Plays Today
Question Answer % Correct
What team wants to trade the number one pick away to the browns?Seattle Seahawks
95.9%
In the movie who is the current quarterback for the Cleveland Browns?Brian Drew
66.8%
What position does Vontae Mack play?Linebacker
64.2%
Who didn't show up to Bo Callahan's birthday?His teammates
59.6%
The owner of the browns wants Sonny to make a what?Splash
57.5%
What is the interns name?Rick
43%
What is written on the note that Sonny carries around in his pockeet?Vontae Mack no matter what
42.5%
What specials teams player does Sonny acquire during the trade with the Seahawks?David Putney
40.9%
What school did the running back Jennings play for?Florida State
37.8%
For what reason did Sonny fire his dad?Stress
25.9%

You're not logged in!

Compare scores with friends on all Sporcle quizzes.
OR
Log In

Sporcle TV

Today on Sporcle TV


Watch our educational content, quiz creation guides, and fun videos on Sporcle TV.

Show Comments

Extras

Created Dec 15, 2014ReportNominate
Tags:NFL Quiz, draft

Top Quizzes Today


Score Distribution

Your Account Isn't Verified!

In order to create a playlist on Sporcle, you need to verify the email address you used during registration. Go to your Sporcle Settings to finish the process.

Report this User

Report this user for behavior that violates our Community Guidelines.

Details: